| Tag |
First Indicator |
Second Indicator |
Subfields |
| LEADER |
00000cas a2200000 a 4500 |
| 001 |
in00004368821 |
| 005 |
20220105160554.0 |
| 006 |
m o d |
| 007 |
cr ||||||||||| |
| 008 |
100224d19441948enkbr p o 0 0eng d |
| 022 |
|
|
|a 2054-0604
|l 0367-7540
|
| 029 |
1 |
|
|a ZWZ
|b 174853513
|
| 035 |
|
|
|a (OCoLC)ocn527215837
|
| 035 |
|
|
|a (OCoLC)527215837
|
| 040 |
|
|
|a HNK
|b eng
|c HNK
|d HNK
|d OCLCQ
|d OCLCF
|d CUS
|d OCLCO
|d OCLCQ
|d CUS
|d UtOrBLW
|
| 049 |
|
|
|a TXAM
|
| 050 |
|
4 |
|a TK1
|b .I563 Electronic
|
| 210 |
0 |
|
|a J. Inst. Electr. Eng., 3 Radio commun. eng.
|b (Online)
|
| 222 |
|
4 |
|a The journal of the Institution of Electrical Engineers. Part 3, Radio and communication
|b (Online)
|
| 245 |
0 |
4 |
|a The journal of the Institution of Electrical Engineers.
|n Part 3,
|p Radio and communication engineering.
|
| 246 |
1 |
|
|i Issues from some providers have title:
|a Electrical engineers.
|n Part III,
|p Radio and communication engineering, journal of the Institution of
|
| 246 |
1 |
3 |
|a Radio and communication engineering
|
| 246 |
1 |
3 |
|a Journal of the Institution of Electrical Engineers.
|n Part III,
|p Radio and communication engineering
|
| 246 |
1 |
3 |
|a J. Inst. Electr. Eng., 3
|
| 264 |
|
1 |
|a London, England :
|b Institution of Electrical Engineers
|
| 300 |
|
|
|a 1 online resource (5 volumes)
|
| 310 |
|
|
|a Bimonthly,
|b 1946-1948
|
| 321 |
|
|
|a Quarterly,
|b 1945
|
| 336 |
|
|
|a text
|b txt
|2 rdacontent
|
| 337 |
|
|
|a computer
|b c
|2 rdamedia
|
| 338 |
|
|
|a online resource
|b cr
|2 rdacarrier
|
| 362 |
1 |
|
|a Began with vol. 91, no. 16 (Dec. 1944); ceased with v. 95, no. 38 (Nov. 1948).
|
| 588 |
0 |
|
|a Vol. 92, no. 17 (Mar. 1945); title from journal information screen (IEEE Xplore, viewed Feb. 24, 2010).
|
| 500 |
|
|
|a Electronic resource.
|
| 650 |
|
0 |
|a Electrical engineering
|v Periodicals.
|0 http://id.loc.gov/authorities/subjects/sh2008102896
|
| 650 |
|
0 |
|a Telecommunication
|v Periodicals.
|0 http://id.loc.gov/authorities/subjects/sh2008112739
|
| 650 |
|
0 |
|a Broadcasting
|v Periodicals.
|0 http://id.loc.gov/authorities/subjects/sh2009117638
|
| 650 |
|
7 |
|a Broadcasting.
|2 fast
|0 (OCoLC)fst00839187
|
| 650 |
|
7 |
|a Electrical engineering.
|2 fast
|0 (OCoLC)fst01728596
|
| 650 |
|
7 |
|a Telecommunication.
|2 fast
|0 (OCoLC)fst01145830
|
| 655 |
|
7 |
|a Periodicals.
|2 fast
|0 (OCoLC)fst01411641
|
| 710 |
2 |
|
|a Institution of Electrical Engineers.
|0 http://id.loc.gov/authorities/names/n79063901
|
| 776 |
0 |
8 |
|i Print version:
|t Journal of the Institution of Electrical Engineers. Part 3, Radio and communication engineering
|x 0367-7540
|w (DLC) 2014254034
|w (OCoLC)499870151
|
| 780 |
0 |
0 |
|t Journal of the Institution of Electrical Engineers. Part 3, Communication engineering
|w (OCoLC)527173381
|
| 785 |
0 |
0 |
|t Proceedings of the Institution of Electrical Engineers. Part 3, Radio and communication engineering
|w (OCoLC)505887350
|
| 787 |
0 |
|
|t Journal of the Institution of Electrical Engineers. Part 3A, Radiolocation
|w (OCoLC)527363063
|
| 787 |
0 |
|
|t Journal of the Institution of Electrical Engineers. Part 3A, Radiocommunication
|w (OCoLC)527376537
|
| 994 |
|
|
|a C0
|b TXA
|
| 999 |
f |
f |
|s 6c53d89d-930f-38b4-99f1-067c776e68f5
|i 2b3808b2-d621-3cb5-aac7-c1dc9453ee3f
|t 0
|
| 952 |
f |
f |
|a Texas A&M University
|b College Station
|c Electronic Resources
|d Available Online
|t 0
|e TK1 .I563
|g Electronic
|h Library of Congress classification
|
| 998 |
f |
f |
|a TK1 .I563
|t 0
|l Available Online
|